Les joueurs ayant joué chez la Karmine Corp - Statistiques

Statistiques générales
  • Ce quiz a été pris 317 fois
  • Le résultat moyen est 53 sur 102
Statistiques - réponses
Hint Réponse % Correct
Cabochard
90%
Saken
90%
Targamas
88%
Caliste
86%
Vatira
86%
Canna
84%
Vladi
84%
Rekkles
82%
113
80%
itachi
80%
Atow
79%
Bo
79%
Adam
76%
Cinkrof
76%
dralii
76%
Double61
73%
Maynter
73%
Bren
72%
3XA
71%
Upset
71%
xMatty
71%
Piero
69%
Yike
68%
Nuclearint
67%
rise
65%
Lyncas
64%
Canbizz
63%
Marteen
63%
Boukada
62%
ExoTiiK
62%
Scream
62%
Shin
62%
White
62%
Closer
61%
Fleshy
60%
Mel
60%
SlowQ
60%
Skeanz
59%
Tao
58%
Kaori
57%
Otaaaq
56%
Abbedagge
55%
Hantera
55%
N4RRATE
55%
Wao
55%
ZE1SH
55%
Nivera
54%
Elite
53%
Hazel
53%
Glance
52%
Newzera
52%
noly
52%
Saadhak
52%
whiteinn
52%
avez
51%
Aztral
49%
Magnum
49%
Nelo
49%
tomaszy
49%
Akabane
48%
MathisV
48%
xms
48%
Malibuca
46%
Nsurr
46%
SUYGETSU
46%
Kamet0
45%
Kurama
43%
matriix
43%
TakaS
43%
Merstach
42%
Stake
42%
BAASHH
38%
Kilzyou
38%
JDCR
37%
Jujutw0
37%
DarkeR
35%
mikee
35%
Amilwa
32%
safiaa
32%
Kuripuya
31%
Ninou
31%
Helaz
30%
roxi
30%
SwizzY
30%
veno
30%
Zoelys
30%
Jiex
29%
anesilia
28%
LiriLia
28%
Yohpa
28%
Wet Jungler
27%
DenVoksne
26%
f4ngeer
25%
Jizuke
25%
Sevire
25%
Speedowka
24%
Ease
23%
Alkyia
21%
soren
20%
Anas
18%
GEN1US
17%
DarkHydra
15%
Aucun quiz correspondant
Distribution des résultats
% des personnes avec chaque résultat
Percentile par nombre de réponses
Votre historique - résultats
Vous n’avez pas pris ce quiz